[Event "Dutch Open 2024"]
[Site "Velp, Netherlands"]
[Date "2024.07.31"]
[Round "8.1"]
[White "De Winter, Arthur"]
[Black "Van Rootselaar, Rik"]
[Result "1-0"]
[WhiteElo "2411"]
[BlackElo "2152"]
[PlyCount "51"]
[EventDate "2024.??.??"]

1. e4 c5 2. Nf3 Nc6 3. Bb5 Nf6 4. Bxc6 dxc6 5. d3 g6 6. O-O Bg7 7. Nc3 O-O 8.
h3 e5 9. Nxe5 Nxe4 10. Nxe4 Bxe5 11. Nxc5 b6 12. Ne4 c5 13. Re1 f6 14. Bh6 Rf7
15. Qc1 Bb7 16. Bf4 Qc7 17. Nxf6+ Rxf6 18. Bxe5 Qc6 19. Qg5 Rf5 20. Qg3 Raf8
21. Re2 a5 22. Rae1 Qd5 23. c4 Qd8 24. Bc3 Bc6 25. h4 R8f7 26. Re6 1-0

[Event "Dutch Open 2024"]
[Site "Velp, Netherlands"]
[Date "2024.07.31"]
[Round "8.2"]
[White "De Boer, Eelke"]
[Black "Beerdsen, Thomas"]
[Result "0-1"]
[WhiteElo "2384"]
[BlackElo "2510"]
[PlyCount "100"]
[EventDate "2024.??.??"]

1. e4 c5 2. Nf3 d6 3. d4 cxd4 4. Nxd4 Nf6 5. Nc3 a6 6. Be3 e5 7. Nb3 Be7 8. Be2
Be6 9. O-O Nbd7 10. a4 Rc8 11. a5 Rxc3 12. bxc3 Nxe4 13. Qd3 Bf5 14. Qc4 Ndf6
15. Nd2 O-O 16. Nxe4 Bxe4 17. Bg5 Bc6 18. Qb3 Ne4 19. Bxe7 Qxe7 20. Qb4 Nc5 21.
Rad1 Ne6 22. g3 Rd8 23. Bg4 g6 24. Bxe6 Qxe6 25. c4 Bf3 26. Rd3 Be2 27. Re1
Bxd3 28. cxd3 Rd7 29. Qb2 h5 30. h4 Rc7 31. Qb6 Qe7 32. f4 Rc6 33. Qb2 Rc5 34.
d4 Rxa5 35. c5 dxc5 36. Rxe5 Qd7 37. dxc5 Rb5 38. Qc3 Rb1+ 39. Kf2 Qb5 40. Re2
Rd1 41. f5 Rh1 42. Kf3 Qc6+ 43. Ke3 Qe8+ 44. Kf3 Rf1+ 45. Rf2 Qc6+ 46. Ke2
Rxf2+ 47. Kxf2 b6 48. Qd3 Qxc5+ 49. Kg2 Qxf5 50. Qxa6 b5 0-1

[Event "Dutch Open 2024"]
[Site "Velp, Netherlands"]
[Date "2024.07.31"]
[Round "8.3"]
[White "Buckels, Valentin"]
[Black "Leenhouts, Koen"]
[Result "1-0"]
[WhiteElo "2478"]
[BlackElo "2454"]
[PlyCount "59"]
[EventDate "2024.??.??"]

1. d4 Nf6 2. Nf3 d5 3. Bf4 c5 4. e3 Nc6 5. Be2 Nh5 6. Be5 cxd4 7. exd4 f6 8.
Bg3 Nxg3 9. hxg3 e5 10. c4 Be6 11. dxe5 Qa5+ 12. Nbd2 O-O-O 13. O-O h5 14. Nb3
Qb4 15. a3 Qe7 16. Nbd4 Nxd4 17. Qxd4 Kb8 18. Rad1 Qc7 19. exf6 Bc5 20. Qe5
gxf6 21. Qxe6 Rhe8 22. Qxf6 Rxe2 23. Rxd5 Rf8 24. Qg5 Be7 25. Qc1 h4 26. gxh4
Rxf3 27. gxf3 Bxh4 28. Qh6 Bxf2+ 29. Kh1 a5 30. Rxf2 1-0

[Event "Dutch Open 2024"]
[Site "Velp, Netherlands"]
[Date "2024.07.31"]
[Round "8.4"]
[White "Hilwerda, Jonas"]
[Black "Hausrath, Daniel"]
[Result "0-1"]
[WhiteElo "2257"]
[BlackElo "2469"]
[PlyCount "134"]
[EventDate "2024.??.??"]

1. e4 c6 2. d4 d5 3. e5 Bf5 4. Nf3 e6 5. Be2 Nd7 6. O-O Bg6 7. c3 a5 8. a4 Nh6
9. Na3 Be7 10. Nc2 O-O 11. Bxh6 gxh6 12. Nce1 Kg7 13. Qd2 c5 14. Bb5 cxd4 15.
cxd4 Rc8 16. Nd3 Nb8 17. Rfc1 Qb6 18. Rc3 Nc6 19. Nc5 Rc7 20. Bxc6 bxc6 21. Rb3
Qa7 22. Rc1 Qa8 23. Rb6 Ra7 24. Rc3 Rb8 25. Rxb8 Qxb8 26. Rb3 Qc8 27. Qc3 h5
28. h3 h4 29. Qc1 Ra8 30. Qc3 Bh5 31. Nd2 Bd1 32. Rb6 Ra7 33. Ncb3 Ra6 34. Rxa6
Qxa6 35. Qe3 Qb6 36. Qc3 Qb4 37. Nxa5 Bxa4 38. Nab3 Qxc3 39. bxc3 Ba3 40. Nc5
Bb5 41. f4 Bb2 42. Kf2 Bxc3 43. Nf3 Bb2 44. f5 exf5 45. Ke3 Kf8 46. Nd7+ Ke7
47. Nc5 Ke8 48. Nb7 Bc1+ 49. Kf2 Bd3 50. Nd6+ Ke7 51. Nxh4 f4 52. Nhf5+ Kd7 53.
Kf3 Bc2 54. h4 h5 55. g3 Bd1+ 56. Kf2 Bg4 57. gxf4 Bxf4 58. Ne3 f6 59. Nf7 Ke7
60. Nh8 Bxe3+ 61. Kxe3 Bf5 62. Kf4 Be4 63. Ke3 fxe5 64. dxe5 c5 65. Kf4 c4 66.
Ke3 c3 67. Ke2 d4 0-1

[Event "Dutch Open 2024"]
[Site "Velp, Netherlands"]
[Date "2024.07.31"]
[Round "8.5"]
[White "Maatman, Nick"]
[Black "Slagboom, Leandro"]
[Result "1-0"]
[WhiteElo "2383"]
[BlackElo "2331"]
[PlyCount "233"]
[EventDate "2024.??.??"]

1. d4 d5 2. c4 e6 3. Nf3 Nf6 4. g3 Bb4+ 5. Bd2 a5 6. Bg2 O-O 7. Qc2 Be7 8. O-O
c6 9. Bf4 Nbd7 10. Rd1 a4 11. h4 h6 12. Nbd2 Nh5 13. e3 Nxf4 14. exf4 dxc4 15.
Nxc4 Nf6 16. a3 Bd7 17. Nfe5 Qc7 18. Rac1 Rfd8 19. Ne3 Qb6 20. Rd2 Be8 21. Qc4
Nd5 22. Nxd5 exd5 23. Qd3 Bd6 24. Bf3 Qc7 25. Bd1 f6 26. Ng4 Bf7 27. Bc2 Kf8
28. Qh7 Bg8 29. Qh8 Qf7 30. Re1 h5 31. Ne5 fxe5 32. fxe5 Re8 33. Re3 Re6 34.
Bh7 Rh6 35. Bxg8 Rxh8 36. Bxf7 Bxe5 37. Bxd5 Bf6 38. Bc4 Rd8 39. d5 cxd5 40.
Rxd5 Rxd5 41. Bxd5 Bxb2 42. Bxb7 g6 43. Bc6 Kg7 44. Bxa4 Ra8 45. Be8 Rxa3 46.
Re7+ Kf6 47. Rf7+ Ke6 48. Rb7 Bd4 49. Kg2 Kf5 50. Rf7+ Ke5 51. Rg7 Ra2 52. Bxg6
Bxf2 53. Bxh5 Bd4+ 54. Kh3 Ra3 55. Rf7 Ke6 56. Rf1 Be5 57. Bf3 Kf5 58. Rf2 Bd4
59. Rd2 Be5 60. Kg2 Rb3 61. Rd8 Rb8 62. Rd3 Rb2+ 63. Kh3 Rf2 64. Bg2 Rc2 65.
Rf3+ Kg6 66. Bf1 Rc3 67. Bd3+ Kg7 68. g4 Rc1 69. g5 Rg1 70. Be4 Bb8 71. Rb3 Be5
72. Bg2 Rc1 73. Bf3 Kg6 74. Be4+ Kh5 75. Bf3+ Kg6 76. Rb6+ Kf5 77. Bg4+ Kf4 78.
Rb4+ Ke3 79. Bf5 Rg1 80. h5 Rxg5 81. Bg4 Rg8 82. Rb6 Kf4 83. h6 Rh8 84. Rg6 Bg7
85. Rxg7 Rxh6+ 86. Kg2 Ke5 87. Kf3 Ra6 88. Re7+ Kf6 89. Re3 Rb6 90. Ra3 Rc6 91.
Bd7 Rd6 92. Bb5 Rb6 93. Ra5 Rd6 94. Ke4 Rb6 95. Bc4 Rb4 96. Rc5 Rb1 97. Kf4 Rc1
98. Rc6+ Ke7 99. Ke5 Re1+ 100. Kd4 Kd7 101. Rh6 Ke7 102. Bd5 Re2 103. Be4 Kd7
104. Ke5 Kc7 105. Rc6+ Kd7 106. Rb6 Kc7 107. Rb7+ Kc8 108. Rh7 Re1 109. Kd5
Rd1+ 110. Kc6 Rc1+ 111. Kd6 Kb8 112. Rb7+ Kc8 113. Rb2 Kd8 114. Bd5 Rc3 115.
Rh2 Re3 116. Bc4 Kc8 117. Rb2 1-0

[Event "Dutch Open 2024"]
[Site "Velp, Netherlands"]
[Date "2024.07.31"]
[Round "8.6"]
[White "Weidemann, Jakob"]
[Black "Grooten, Herman"]
[Result "1-0"]
[WhiteElo "2142"]
[BlackElo "2211"]
[PlyCount "89"]
[EventDate "2024.??.??"]

1. e4 c6 2. d4 d5 3. e5 Bf5 4. h4 h5 5. Bd3 Bxd3 6. Qxd3 e6 7. Bg5 Qa5+ 8. Nd2
c5 9. dxc5 Nc6 10. Ngf3 Bxc5 11. O-O Qc7 12. c4 Nge7 13. cxd5 Nxd5 14. Ne4 Be7
15. Bxe7 Qxe7 16. Nd6+ Kf8 17. Qb3 Rd8 18. Ng5 Nf4 19. Ndxf7 Rd3 20. Qc2 Qd7
21. Nxh8 Qd5 22. Ng6+ Nxg6 23. Qc5+ Kg8 24. Qxd5 Rxd5 25. f4 Nxh4 26. Rad1 Rb5
27. Rf2 Nf5 28. Rd7 a5 29. Rfd2 g6 30. Nxe6 Rb4 31. Rc7 Nce7 32. Rdd7 Kf7 33.
Ng5+ Ke8 34. Rxb7 Rxf4 35. Rdc7 Rb4 36. Rxb4 axb4 37. a4 bxa3 38. bxa3 Nd5 39.
Rc5 Nfe7 40. e6 Nb6 41. Rb5 Nec8 42. Rb4 Kd8 43. a4 Nd5 44. Rb7 Nc7 45. Nf7+
1-0

[Event "Dutch Open 2024"]
[Site "Velp, Netherlands"]
[Date "2024.07.31"]
[Round "8.7"]
[White "Baselmans, Luuk"]
[Black "Vos, Tjark"]
[Result "1-0"]
[WhiteElo "2345"]
[BlackElo "2170"]
[PlyCount "47"]
[EventDate "2024.??.??"]

1. e4 c5 2. Nf3 e6 3. d4 cxd4 4. Nxd4 Nc6 5. Nc3 Qc7 6. Be3 a6 7. Qf3 Nf6 8.
O-O-O Ne5 9. Qg3 b5 10. f4 Neg4 11. e5 Nxe3 12. Qxe3 b4 13. Ncb5 axb5 14. Nxb5
Qb8 15. exf6 gxf6 16. Kb1 Ra5 17. Rd5 Kd8 18. Rh5 Ba6 19. Qd4 Be7 20. Na7 Rxh5
21. Nc6+ Kc7 22. Nxb8 Bxf1 23. Qa7+ Kc8 24. Nxd7 1-0

[Event "Dutch Open 2024"]
[Site "Velp, Netherlands"]
[Date "2024.07.31"]
[Round "8.8"]
[White "Ritzerveld, Noah"]
[Black "Shakhverdian, William"]
[Result "1-0"]
[WhiteElo "2181"]
[BlackElo "2157"]
[PlyCount "51"]
[EventDate "2024.??.??"]

1. e4 e5 2. Nf3 Nc6 3. Bc4 Bc5 4. c3 Nf6 5. d3 a5 6. O-O d6 7. Re1 O-O 8. h3 h6
9. Nbd2 a4 10. Bb5 Bd7 11. Nf1 Ne7 12. Bxd7 Nxd7 13. d4 Bb6 14. Ne3 f5 15. exf5
Nxf5 16. dxe5 Nh4 17. Nxh4 Qxh4 18. exd6 Qxf2+ 19. Kh1 Qg3 20. Qd5+ Kh8 21. Bd2
Ra5 22. Qe6 Rf2 23. Qxd7 Rxd2 24. Qe8+ Kh7 25. Qe4+ Kg8 26. Nf1 1-0

[Event "Dutch Open 2024"]
[Site "Velp, Netherlands"]
[Date "2024.07.31"]
[Round "8.9"]
[White "Labruyere, Roger"]
[Black "Schuricht, Emil Frederick"]
[Result "1-0"]
[WhiteElo "2170"]
[BlackElo "1973"]
[PlyCount "141"]
[EventDate "2024.??.??"]

1. e4 c6 2. d4 d5 3. e5 Bf5 4. h4 h5 5. Bd3 Bxd3 6. Qxd3 Qa5+ 7. Nd2 e6 8. Ngf3
Qa6 9. c4 Ne7 10. O-O Nf5 11. b3 Be7 12. g3 O-O 13. Qc2 Rd8 14. Bb2 Nd7 15. a4
Qa5 16. Rac1 Rac8 17. Bc3 Bb4 18. Bxb4 Qxb4 19. cxd5 cxd5 20. Qxc8 Rxc8 21.
Rxc8+ Nf8 22. Rfc1 Nxd4 23. Nxd4 Qxd4 24. Nf3 Qe4 25. Ng5 Qg4 26. Re8 f6 27.
Nxe6 Kf7 28. Rxf8+ Kxe6 29. exf6 gxf6 30. Re1+ Kf5 31. Kg2 Qb4 32. Ree8 d4 33.
Rd8 d3 34. Rfe8 Qxb3 35. Rd4 Qc2 36. Re3 Qc6+ 37. Rf3+ Kg6 38. a5 Qc3 39. Rd5
Qb4 40. Rfxd3 Qe4+ 41. Kh2 Qe1 42. Rd2 a6 43. Rb2 Qc3 44. Rbd2 Qa3 45. R2d3 Qa2
46. Kg2 Qc4 47. R3d4 Qc6 48. Kh2 Qe6 49. Rc5 Qe7 50. Rdd5 Qe2 51. Rf5 Qd2 52.
Rf4 Qd3 53. Kg2 Qd1 54. Rcf5 Kg7 55. Rxf6 Qd5+ 56. Rf3 Qxa5 57. Rf7+ Kg8 58.
Rxb7 Qd5 59. Rbb3 a5 60. Kh2 Qc5 61. Ra3 Qd5 62. Rf4 Qc5 63. Ra2 Kg7 64. Rfa4
Qd5 65. Rxa5 Qd1 66. Rg5+ Kf6 67. Ra6+ Kf7 68. Raa5 Qd2 69. Raf5+ Ke6 70. Rxh5
Qe2 71. Re5+ 1-0

[Event "Dutch Open 2024"]
[Site "Velp, Netherlands"]
[Date "2024.07.31"]
[Round "8.10"]
[White "Odendahl, Reiner"]
[Black "Smid, Jelle"]
[Result "1-0"]
[WhiteElo "2274"]
[BlackElo "2080"]
[PlyCount "77"]
[EventDate "2024.??.??"]

1. c4 e6 2. g3 d5 3. Bg2 Nf6 4. Nf3 Be7 5. d4 O-O 6. O-O c6 7. Qc2 b6 8. Rd1
Bb7 9. b3 Na6 10. Nc3 Rc8 11. e4 c5 12. exd5 exd5 13. Bb2 dxc4 14. d5 cxb3 15.
axb3 Bd6 16. Qb1 Ra8 17. Nb5 Ne8 18. h4 f6 19. Bf1 Nec7 20. Nxd6 Qxd6 21. Bd3
h5 22. Bh7+ Kf7 23. Qg6+ Ke7 24. Ng5 Bxd5 25. Qxg7+ Kd8 26. Ne4 Qe7 27. Bxf6
Rxf6 28. Qxf6 Nb4 29. Bf5 Nc2 30. Qh8+ Qe8 31. Qg7 Qe7 32. Qg8+ Qe8 33. Rxd5+
Nxd5 34. Qxd5+ Kc7 35. Qd6+ Kb7 36. Nf6 Rd8 37. Nxe8 Rxd6 38. Nxd6+ Kc6 39.
Bxc2 1-0

[Event "Dutch Open 2024"]
[Site "Velp, Netherlands"]
[Date "2024.07.31"]
[Round "8.11"]
[White "Van Foreest, Machteld"]
[Black "Kurt, Sascha"]
[Result "1-0"]
[WhiteElo "2272"]
[BlackElo "2071"]
[PlyCount "55"]
[EventDate "2024.??.??"]

1. e4 c5 2. Nf3 d6 3. Nc3 a6 4. g3 g6 5. Bg2 b5 6. d4 Bg7 7. dxc5 dxc5 8. Qxd8+
Kxd8 9. Be3 Bxc3+ 10. bxc3 Nd7 11. Ng5 Ke8 12. e5 Ra7 13. O-O-O h6 14. Ne4 Rc7
15. f4 f5 16. Nf2 Nf8 17. Nd3 Ne6 18. Bd5 c4 19. Nb4 Nc5 20. e6 Na4 21. Bd4 Nf6
22. Be5 Rc5 23. Bc6+ Kf8 24. Rd8+ Kg7 25. Bxf6+ Kxf6 26. Rxh8 Bxe6 27. Bf3 a5
28. Na6 1-0

[Event "Dutch Open 2024"]
[Site "Velp, Netherlands"]
[Date "2024.07.31"]
[Round "8.12"]
[White "Kazarjan, Gachatur"]
[Black "Van de Pavoordt, Max"]
[Result "1-0"]
[WhiteElo "2174"]
[BlackElo "2044"]
[PlyCount "59"]
[EventDate "2024.??.??"]

1. e4 e6 2. d4 d5 3. Nd2 Nf6 4. e5 Nfd7 5. c3 c5 6. f4 Nc6 7. Ndf3 Qb6 8. a3 g6
9. b4 cxd4 10. cxd4 Bg7 11. h4 h5 12. Ne2 a5 13. b5 Qxb5 14. Nc3 Qb6 15. Nb5
Bf8 16. Qc2 Ndb8 17. Rb1 Qd8 18. Bd3 Na6 19. Ng5 Rh6 20. Nxe6 fxe6 21. Bxg6+
Kd7 22. f5 Rxg6 23. fxg6 Nc7 24. O-O Nxb5 25. Rf7+ Be7 26. Rxb5 Nxd4 27. Qc5
Nf5 28. Bg5 Ra6 29. Bxe7 Nxe7 30. g7 1-0

[Event "Dutch Open 2024"]
[Site "Velp, Netherlands"]
[Date "2024.07.31"]
[Round "8.13"]
[White "Hng, Mei-Xian Eunice"]
[Black "Bakija, Alan"]
[Result "0-1"]
[WhiteElo "2036"]
[BlackElo "2171"]
[PlyCount "146"]
[EventDate "2024.??.??"]

1. e4 e6 2. d4 d5 3. Nc3 Be7 4. Nf3 Nf6 5. Bd3 c5 6. exd5 exd5 7. dxc5 O-O 8.
h3 Nbd7 9. O-O Nxc5 10. Be3 Nce4 11. Nb5 Bf5 12. Nbd4 Bg6 13. c3 Re8 14. Qc2
Rc8 15. Nh4 Bd6 16. Nxg6 hxg6 17. Rfe1 Bb8 18. Bxe4 dxe4 19. Rad1 Qc7 20. g3
Qa5 21. Qb3 Qh5 22. Kg2 b6 23. Qb5 Nd5 24. Qe2 Qe5 25. Nb3 f5 26. Bd4 Qe6 27.
Nd2 Kh7 28. a3 Qc6 29. Kh2 Qc7 30. Nf1 Rcd8 31. c4 Ne7 32. Be3 Nc6 33. Bf4 Qc8
34. Bxb8 Qxb8 35. Rd5 Rxd5 36. cxd5 Nd4 37. Qe3 Nf3+ 38. Kg2 Nxe1+ 39. Qxe1 Qe5
40. Qd2 Rd8 41. Ne3 g5 42. Qd1 Kg6 43. g4 f4 44. Nf5 Kf6 45. Qa4 Rxd5 46. Qc6+
Qe6 47. Qc3+ Re5 48. Qc7 Qf7 49. Qd6+ Re6 50. Qd8+ Kg6 51. h4 Kh7 52. Qxg5 Qg6
53. Qxf4 Qf6 54. h5 Qe5 55. Qd2 Rf6 56. Qd7 Rf8 57. h6 Rxf5 58. Qxf5+ Qxf5 59.
gxf5 Kxh6 60. f4 Kh5 61. Kg3 b5 62. b4 a6 63. Kh3 e3 64. Kg3 e2 65. Kf2 Kg4 66.
Kxe2 Kxf4 67. Kd3 Kxf5 68. Kd4 g5 69. Kc5 g4 70. Kb6 g3 71. Kxa6 g2 72. Kxb5
g1=Q 73. a4 Qa7 0-1

[Event "Dutch Open 2024"]
[Site "Velp, Netherlands"]
[Date "2024.07.31"]
[Round "8.14"]
[White "Aarav Sarbalia"]
[Black "Grooten, Tommy"]
[Result "1-0"]
[WhiteElo "2042"]
[BlackElo "2146"]
[PlyCount "83"]
[EventDate "2024.??.??"]

1. e4 c5 2. Nf3 e6 3. d4 cxd4 4. Nxd4 Nf6 5. Nc3 d6 6. g4 h6 7. h4 Nc6 8. g5
hxg5 9. Bxg5 Be7 10. Nxc6 bxc6 11. Qf3 Qb6 12. O-O-O Rb8 13. b3 Qc5 14. Kb1 a5
15. Bc1 Qh5 16. Qg3 Qg6 17. Qxg6 fxg6 18. e5 dxe5 19. Bd3 Kf7 20. Rdg1 e4 21.
Nxe4 Nxe4 22. Bxe4 e5 23. Bxg6+ Ke6 24. h5 Bf6 25. Be4 Bb7 26. f4 c5 27. Bxb7
Rxb7 28. fxe5 Kxe5 29. h6 gxh6 30. Bb2+ Ke6 31. Rg6 Rf7 32. Rhxh6 Rxh6 33. Rxh6
Ke7 34. Rxf6 Rxf6 35. Bxf6+ Kxf6 36. Kb2 Ke5 37. Ka3 Kd4 38. c4 Kc3 39. Ka4 Kb2
40. Kxa5 Kxa2 41. b4 cxb4 42. Kxb4 1-0

[Event "Dutch Open 2024"]
[Site "Velp, Netherlands"]
[Date "2024.07.31"]
[Round "8.15"]
[White "Zwirs, Jasper"]
[Black "Koster, Chiel"]
[Result "1/2-1/2"]
[WhiteElo "2088"]
[BlackElo "2058"]
[PlyCount "50"]
[EventDate "2024.??.??"]

1. d4 Nf6 2. Nc3 d5 3. Bf4 a6 4. e3 Bf5 5. Nf3 e6 6. Ne5 h6 7. Bd3 Bxd3 8. cxd3
Nbd7 9. O-O c5 10. dxc5 Bxc5 11. Qb3 d4 12. Nxd7 Qxd7 13. exd4 Bxd4 14. Ne4 O-O
15. Nxf6+ Bxf6 16. Rfd1 Rfd8 17. Rac1 b5 18. Be3 Qd5 19. Qa3 a5 20. b3 a4 21.
Qb4 axb3 22. axb3 Qh5 23. h3 Rd5 24. Qe4 Qe5 25. Qxe5 Bxe5 1/2-1/2

[Event "Dutch Open 2024"]
[Site "Velp, Netherlands"]
[Date "2024.07.31"]
[Round "8.16"]
[White "Zecha, Oscar"]
[Black "Goudriaan, Rafael"]
[Result "1/2-1/2"]
[WhiteElo "1999"]
[BlackElo "2028"]
[PlyCount "96"]
[EventDate "2024.??.??"]

1. e4 e6 2. d4 d5 3. e5 c5 4. c3 Ne7 5. Nf3 Nec6 6. a3 Nd7 7. b4 cxd4 8. cxd4
Be7 9. Bd3 O-O 10. Qc2 f5 11. h4 Qb6 12. Qb2 Rd8 13. Bg5 Nf8 14. Nbd2 Bd7 15.
Rc1 Bxg5 16. hxg5 Ne7 17. Nb3 Bb5 18. Qe2 Bxd3 19. Qxd3 Rdc8 20. Kd2 Rxc1 21.
Rxc1 Rc8 22. Rxc8 Nxc8 23. Qc3 Qd8 24. Na5 b6 25. Nc6 Qd7 26. Ng1 Ng6 27. Ne2
Nce7 28. Nxe7+ Qxe7 29. Qc8+ Nf8 30. f4 Qd7 31. Qa6 Ng6 32. g3 Ne7 33. Nc3 Nc8
34. Qe2 Qc6 35. Qh5 g6 36. Qe2 Qb7 37. Qb5 Kf7 38. Na4 a6 39. Qd3 b5 40. Nc5
Qc6 41. a4 Nb6 42. a5 Nd7 43. Nxd7 Qxd7 44. Qc3 Ke8 45. Qc5 Kf7 46. Ke3 Qb7 47.
Qb6 Qc8 48. Qa7+ Ke8 1/2-1/2

[Event "Dutch Open 2024"]
[Site "Velp, Netherlands"]
[Date "2024.07.31"]
[Round "8.17"]
[White "Stillger, Bernhard"]
[Black "Van Foreest, Nanne"]
[Result "1/2-1/2"]
[WhiteElo "2263"]
[BlackElo "1985"]
[PlyCount "144"]
[EventDate "2024.??.??"]

1. Nf3 Nf6 2. c4 e6 3. g3 b6 4. Bg2 Bb7 5. O-O Be7 6. d4 O-O 7. d5 exd5 8. Nh4
c6 9. cxd5 Nxd5 10. Nf5 Nc7 11. Nc3 Ne6 12. e4 Na6 13. Qg4 Re8 14. Bh6 Bf8 15.
Rad1 Kh8 16. Be3 Qc7 17. Rd2 g6 18. Nh6 d6 19. Qh3 Bc8 20. Qh4 Qe7 21. Qxe7
Rxe7 22. Rxd6 Rc7 23. Rd2 Kg7 24. Ng4 Nac5 25. Rfd1 b5 26. e5 Bb7 27. b4 Na6
28. Bh6+ Kh8 29. Bxf8 Rxf8 30. a3 Nb8 31. Nf6 a6 32. Nce4 c5 33. Nxc5 Nxc5 34.
bxc5 Bxg2 35. Kxg2 Rxc5 36. f4 Kg7 37. h4 h5 38. Rd8 Nc6 39. Rxf8 Rc2+ 40. Kh3
Kxf8 41. Rd7 a5 42. Ne4 b4 43. axb4 axb4 44. Nd6 Ne7 45. Rb7 Rb2 46. Rb5 Kg7
47. Ne8+ Kf8 48. Nf6 Kg7 49. Rb8 Nf5 50. Rg8+ Kh6 51. Rh8+ Kg7 52. Rg8+ Kh6 53.
Ne4 Kh7 54. Rb8 Ne3 55. Nf6+ Kg7 56. Rg8+ Kh6 57. g4 hxg4+ 58. Nxg4+ Nxg4 59.
Kxg4 Rc2 60. Rb8 Rc4 61. Rb7 Kg7 62. e6 Kf6 63. exf7 Kg7 64. f8=Q+ Kxf8 65. Kg5
Rd4 66. h5 gxh5 67. f5 Rd6 68. Rxb4 Kf7 69. Rb7+ Kf8 70. Kxh5 Ra6 71. Kg5 Rc6
72. f6 Rc1 1/2-1/2

[Event "Dutch Open 2024"]
[Site "Velp, Netherlands"]
[Date "2024.07.31"]
[Round "8.18"]
[White "Saketh, Pedagandham"]
[Black "Hng, Mei-En Emmanuelle"]
[Result "1-0"]
[WhiteElo "2051"]
[BlackElo "2144"]
[PlyCount "105"]
[EventDate "2024.??.??"]

1. e4 d6 2. d4 Nf6 3. Bd3 g6 4. Nf3 Bg7 5. O-O O-O 6. Re1 c5 7. c3 Bg4 8. Nbd2
Nc6 9. h3 Bxf3 10. Nxf3 cxd4 11. cxd4 Rc8 12. Be3 d5 13. e5 Ne4 14. Nd2 Nxd2
15. Qxd2 f6 16. f4 e6 17. Rac1 Bh6 18. g3 Qb6 19. Bb1 fxe5 20. dxe5 d4 21. Bf2
Rfd8 22. h4 Bf8 23. a3 Rc7 24. h5 Rg7 25. hxg6 hxg6 26. Red1 Qb3 27. Qe2 Be7
28. Rd3 Qd5 29. b4 Rh7 30. Qf3 Qxf3 31. Rxf3 Rg7 32. Ba2 Kf7 33. Rd1 a6 34. Kg2
Rh7 35. Rfd3 Rdh8 36. Bb3 Rh2+ 37. Kf3 g5 38. Bxd4 gxf4 39. Kxf4 Nxd4 40. Rxd4
R8h5 41. Re4 Rf5+ 42. Kg4 Rg5+ 43. Kf3 Rf5+ 44. Rf4 Rxf4+ 45. Kxf4 Rb2 46. Rd3
b6 47. Rf3 a5 48. bxa5 bxa5 49. Ke4+ Ke8 50. Bxe6 Re2+ 51. Kf5 Bc5 52. Bc4 Bd4
53. Bxe2 1-0

[Event "Dutch Open 2024"]
[Site "Velp, Netherlands"]
[Date "2024.07.31"]
[Round "8.19"]
[White "Wink, Luka"]
[Black "Schroeder, Lennart"]
[Result "1/2-1/2"]
[WhiteElo "2066"]
[BlackElo "2146"]
[PlyCount "61"]
[EventDate "2024.??.??"]

1. e4 c5 2. Nf3 Nc6 3. d4 cxd4 4. Nxd4 e5 5. Nb5 d6 6. c4 Be6 7. N1c3 a6 8. Na3
g6 9. Nc2 Bg7 10. Bd3 Nf6 11. O-O O-O 12. Bg5 h6 13. Bh4 Rc8 14. Qd2 g5 15. Bg3
Nh5 16. Ne3 Nd4 17. Ncd5 Nf4 18. f3 Bxd5 19. Nxd5 Nxd5 20. cxd5 Qb6 21. Bf2 Rc7
22. Rac1 Rfc8 23. Kh1 Bf6 24. Be3 Kf8 25. Rc3 Bd8 26. g3 Qa5 27. Rxc7 Bxc7 28.
Qxa5 Bxa5 29. f4 Bd8 30. fxe5 dxe5 31. Rc1 1/2-1/2

[Event "Dutch Open 2024"]
[Site "Velp, Netherlands"]
[Date "2024.07.31"]
[Round "8.20"]
[White "Aravindhan, Achyuth"]
[Black "Evengroen, Jan"]
[Result "1-0"]
[WhiteElo "2094"]
[BlackElo "2176"]
[PlyCount "81"]
[EventDate "2024.??.??"]

1. e4 e6 2. d4 d5 3. Nd2 c5 4. Ngf3 Nc6 5. exd5 exd5 6. Bb5 Bd6 7. dxc5 Bxc5 8.
O-O Nge7 9. Nb3 Bb6 10. c3 O-O 11. Re1 Bf5 12. Be3 Be4 13. Bxb6 Qxb6 14. Bd3
Rfd8 15. Ng5 Ng6 16. Bxe4 dxe4 17. Qh5 Rd5 18. Qxh7+ Kf8 19. Ne6+ Ke7 20. Nf4
Nxf4 21. Qxe4+ Kf8 22. Qxf4 a5 23. Qe4 Rd6 24. Qc2 Rh6 25. Nd2 a4 26. Re4 Nd8
27. Rae1 Ne6 28. Nf1 Ra5 29. Qd2 Rb5 30. R1e2 g5 31. g3 Rf6 32. Ne3 Qc6 33. Ng4
Rd5 34. Qc2 Rff5 35. Ne3 Rc5 36. Nxf5 Rxf5 37. Qxa4 Qd5 38. Qc4 Qd1+ 39. Kg2
Rd5 40. Re1 Qd2 41. R1e2 1-0

[Event "Dutch Open 2024"]
[Site "Velp, Netherlands"]
[Date "2024.07.31"]
[Round "8.21"]
[White "Gortemaker, Lucas"]
[Black "Dordevic, Tom"]
[Result "0-1"]
[WhiteElo "2097"]
[BlackElo "2133"]
[PlyCount "84"]
[EventDate "2024.??.??"]

1. e4 c5 2. Nf3 d6 3. Bb5+ Nd7 4. O-O a6 5. Bd3 Ngf6 6. c3 b5 7. Bc2 Bb7 8. Re1
c4 9. a4 e6 10. d4 cxd3 11. Qxd3 Nc5 12. Qe2 bxa4 13. e5 dxe5 14. Nxe5 Qd5 15.
f3 Bd6 16. Nc4 Bc7 17. Rd1 Qh5 18. Nd6+ Bxd6 19. Rxd6 O-O 20. Be3 Qe5 21. Qf2
Nce4 22. fxe4 Qxd6 23. Bc5 Qc7 24. Bb6 Qb8 25. e5 Ng4 26. Qd4 Qxe5 27. Qxe5
Nxe5 28. Rxa4 Bc6 29. Rh4 g6 30. Bc7 Nd7 31. Nd2 Rac8 32. Bd6 Rfd8 33. Be7 Re8
34. Bd6 Nb6 35. c4 Rcd8 36. c5 Nc8 37. Nc4 Bb5 38. Bc7 Rd5 39. b4 g5 40. Re4 f5
41. Rxe6 Rxe6 42. Bb3 Rd3 0-1

[Event "Dutch Open 2024"]
[Site "Velp, Netherlands"]
[Date "2024.07.31"]
[Round "8.22"]
[White "Van Kuijk, Vadim"]
[Black "Op den Dries, Johan"]
[Result "0-1"]
[WhiteElo "2131"]
[BlackElo "2120"]
[PlyCount "76"]
[EventDate "2024.??.??"]

1. e4 d5 2. exd5 Nf6 3. Nf3 Nxd5 4. d4 Bg4 5. c4 Bxf3 6. Qxf3 Nb4 7. Na3 N8c6
8. Be3 e5 9. d5 Nd4 10. Bxd4 exd4 11. Be2 Bc5 12. O-O O-O 13. Rad1 a6 14. Nb1
Nxa2 15. Nd2 Qe7 16. Bd3 Rae8 17. Qh3 g6 18. Nb3 Nb4 19. Bb1 b6 20. Nxd4 Qf6
21. Nb3 Qxb2 22. Nxc5 bxc5 23. Qd7 Qe5 24. f4 Qe7 25. Qa4 Qe2 26. f5 Qxc4 27.
Qa3 Qe2 28. Kh1 Qe3 29. Qa5 Re7 30. d6 cxd6 31. Rxd6 Rfe8 32. fxg6 hxg6 33. Qb6
Re6 34. Rxe6 Rxe6 35. Qc7 Qf2 36. Qd8+ Kg7 37. Qd1 Qe3 38. Qd7 Rf6 0-1

[Event "Dutch Open 2024"]
[Site "Velp, Netherlands"]
[Date "2024.07.31"]
[Round "8.23"]
[White "Vosselman, Jan"]
[Black "Bus, Tom"]
[Result "0-1"]
[WhiteElo "2094"]
[BlackElo "2082"]
[PlyCount "52"]
[EventDate "2024.??.??"]

1. d4 Nf6 2. c4 c5 3. d5 b5 4. cxb5 a6 5. bxa6 g6 6. Nc3 Bxa6 7. e4 Bxf1 8.
Kxf1 d6 9. g4 Qc8 10. g5 Nh5 11. Kg2 Bg7 12. h3 O-O 13. Nge2 Nd7 14. f4 Qa6 15.
Ng3 Nxg3 16. Kxg3 Rfb8 17. Rh2 Rb4 18. Qe2 Qc4 19. Qxc4 Rxc4 20. Kf3 Bxc3 21.
Rc2 Bxb2 22. Rxb2 Rc3+ 23. Kg2 c4 24. Rb7 Nc5 25. Rxe7 Nb3 26. axb3 Rxa1 0-1

[Event "Dutch Open 2024"]
[Site "Velp, Netherlands"]
[Date "2024.07.31"]
[Round "8.24"]
[White "Smit, Manuel"]
[Black "Blok, Xaveer"]
[Result "1/2-1/2"]
[WhiteElo "1969"]
[BlackElo "1885"]
[PlyCount "134"]
[EventDate "2024.??.??"]

1. e4 c5 2. Nc3 d6 3. g3 Nc6 4. Bg2 g6 5. d3 Bg7 6. Be3 e6 7. Nh3 Nge7 8. Qd2
h5 9. O-O a6 10. Rae1 b5 11. f4 b4 12. Nd1 O-O 13. f5 exf5 14. Bh6 Qc7 15. Bxg7
Kxg7 16. Qg5 f6 17. Qh4 fxe4 18. dxe4 g5 19. Nxg5 Ng6 20. Qxh5 Rh8 21. Qf3 fxg5
22. e5 dxe5 23. Qf6+ Kh6 24. Qxc6 Qxc6 25. Bxc6 Ra7 26. Be4 Rf8 27. Ne3 Be6 28.
Rxf8 Nxf8 29. g4 Kg7 30. Kg2 Ng6 31. Kg3 Re7 32. Bf5 Nf4 33. a3 Rd7 34. axb4
cxb4 35. Ra1 Rd6 36. Ra4 b3 37. cxb3 Bxb3 38. Ra5 Rd2 39. Rxe5 Rxb2 40. h4 Ne2+
41. Kf3 gxh4 42. g5 Ng1+ 43. Kg4 h3 44. Be4 h2 45. Nf5+ Kh8 46. g6 Re2 47. Ng3
Rf2 48. Nh1 Bd1+ 49. Kg3 Rd2 50. Rf5 Kg8 51. Kh4 Bc2 52. Bxc2 Rxc2 53. Kg5 Nh3+
54. Kh6 Rc4 55. Rh5 Nf4 56. Rh4 Rd4 57. Nf2 Ne6 58. Rh3 Nf8 59. Rxh2 Rd2 60.
Rg2 a5 61. g7 Nd7 62. Rg5 Rxf2 63. Rxa5 Rf6+ 64. Kg5 Kxg7 65. Ra7 Rf7 66. Ra8
Ne5 67. Ra5 Nf3+ 1/2-1/2